| 000 | 00624nam a2200205 a 4500 | ||
|---|---|---|---|
| 005 | 20210219152952.0 | ||
| 008 | 991125n 000 0 eng u | ||
| 035 | _aUPN01000069643 | ||
| 100 | _aMcGregor, Karla K. | ||
| 222 | _aJOURNAL OF SPEECH, LANGUAGE, AND HEARING RESEARCH | ||
| 245 | _aConverging evidence for underlying phonolical representation in a child who misarticulates | ||
| 300 | _a596-603 | ||
| 362 | _a1992 35, no. 3 | ||
| 653 | 0 | _aARTICULACION (EDUCACION) | |
| 653 | 0 | _aCOMUNICACION HABLADA | |
| 653 | 0 | _aFONOLOGIA | |
| 700 | _aSchwartz, Richard G. | ||
| 904 |
_aAC _b007454 |
||
| 905 | _aArticulo | ||
| 999 |
_c65045 _d65045 |
||